[Event "Bayern Regionalliga Southwest 1994/95"]
[Site "masterchessopen.com Germany"]
[Round "0"]
[White "Tibitanzl Thomas"]
[Black "Wiest Leonhard (GER)"]
[Result "1-0"]
[WhiteElo "1955"]
[BlackElo "2105"]

1.Nf3 d5 2.c4 c6 3.g3 Nf6 4.Bg2 g6 5.O-O Bg7 6.d4 O-O 7.Nbd2 Nbd7 8.b3 Re8
9.Bb2 Nf8 10.Ne5 Bf5 11.h3 h6 12.g4 Bc8 13.f4 e6 14.e4 Nxe4 15.Nxe4 dxe4
16.Bxe4 f5 17.Bg2 Kh7 18.Qe2 Nd7 19.Rad1 Nxe5 20.fxe5 Qc7 21.Ba3 Bf8 22.Bxf8
Rxf8 23.d5 cxd5 24.cxd5 exd5 25.Rxd5 Be6 26.Rd6 Rae8 27.Qb5 fxg4 28.Rxf8 Rxf8
29.Qxb7 Qxb7 30.Bxb7 Re8 31.h4 Bf5 32.Rd5 Re7 33.Ba6 g5 34.hxg5 h5 35.Rd6 Rxe5
36.Rh6+ Kg7 37.Rxh5 Ra5 38.Rh6 Bg6 39.Be2 Rxg5 40.Rh4 Bf5 41.Kg2 Kf6 42.Kg3
Ke5 43.Rh8 Rg7 44.Rb8 Kd4 45.Rb4+ Ke3 46.Bf1 Be4 47.a4 Bf3 48.Rb8 Rd7 49.Bg2
Re7 50.a5 Kd4 51.Bxf3 gxf3 52.Kxf3 Kc5 53.b4+ Kc6 54.Kf4 Re1 55.a6 Re2 56.b5+
Kc5 57.b6 Re7 58.b7 Kb6 59.Rc8 {#r} 1-0

[Event "Bundesliga (2nd) North 1994/95"]
[Site "masterchessopen.com Germany"]
[Round "0"]
[White "Schulz Hans-Juergen (GER)"]
[Black "Schnabel Ralf (GER)"]
[Result "0-1"]
[WhiteElo "2024"]
[BlackElo "2241"]

1.d4 Nf6 2.Nf3 g6 3.g3 Bg7 4.Bg2 O-O 5.O-O d5 6.Nbd2 c6 7.c4 Ne4 8.Qb3 e6
9.Qc2 Nd6 10.e4 b6 11.cxd5 cxd5 12.e5 Nf5 13.Nb3 Ba6 14.Bg5 Qd7 15.Rfc1 Rc8
16.Qd1 Nc6 17.g4 Nfe7 18.a3 Rc7 19.Bf1 Bxf1 20.Qxf1 Rac8 21.h3 Nb8 22.Rxc7
Rxc7 23.Rc1 Bf8 24.Rxc7 Qxc7 25.Bxe7 Bxe7 26.Qc1 Qxc1+ 27.Nxc1 Nc6 28.Nb3 f6
29.Kf1 Bd8 30.Ke2 fxe5 31.Nxe5 Nxe5 32.dxe5 Bg5 33.Kf3 Kf7 34.Kg3 b5 35.f4 Bd8
36.Nd4 a6 37.g5 Bb6 38.Nb3 a5 39.Kf3 a4 40.Nc1 Bd4 41.Nd3 b4 42.Nxb4 Bxb2
43.Nc2 Ke7 44.Ke3 Kd7 45.h4 Bc1+ 46.Kf3 d4 47.Ke4 d3 48.Kxd3 Bxf4 49.Ke4 Bg3
50.h5 gxh5 51.Nd4 Bh4 52.Nb5 Be1 53.Nd6 Bc3 54.Kd3 Bxe5 55.Nc4 Bg7 56.Nb6+ Kc6
57.Nxa4 h4 {#R} 0-1

[Event "Oberliga East 1994/95"]
[Site "masterchessopen.com Germany"]
[Round "0"]
[White "Liebert Heinz (GER)"]
[Black "Ruemmler Roland (GER)"]
[Result "1-0"]
[WhiteElo "2370"]
[BlackElo "2037"]

1.c4 Nf6 2.Nf3 g6 3.g3 Bg7 4.Bg2 O-O 5.O-O c6 6.d4 d5 7.Nbd2 e6 8.Qc2 Na6 9.a3
Nc7 10.e4 dxe4 11.Nxe4 Nxe4 12.Qxe4 h6 13.Ne5 Ne8 14.Be3 Nd6 15.Qc2 Nf5
16.Rad1 a5 17.c5 Ne7 18.f4 Nd5 19.Bc1 Bd7 20.Rfe1 Qe7 21.h4 h5 22.Bf3 Rfd8
23.Kg2 Be8 24.Qf2 b5 25.f5 gxf5 26.Bxh5 Bxe5 27.dxe5 f6 28.Bf3 Qf7 29.exf6
Nxf6 30.Rd6 Rxd6 31.cxd6 Bd7 32.Bf4 b4 33.axb4 axb4 34.Qd2 Rb8 35.Be5 Rb5
36.Qg5+ {#r} 1-0

[Event "Oberliga NRW 1994/95"]
[Site "masterchessopen.com Germany"]
[Round "0"]
[White "Stuemer Paul (GER)"]
[Black "Weber Peter (GER)"]
[Result "0-1"]
[WhiteElo "2130"]
[BlackElo "2238"]

1.Nf3 Nf6 2.g3 d5 3.Bg2 c6 4.c4 g6 5.O-O Bg7 6.d4 O-O 7.Nbd2 Bf5 8.b3 a5 9.a3
Qb6 10.c5 Qa6 11.Ne5 Nbd7 12.Ndf3 Ne4 13.Bb2 Nxe5 14.Nxe5 Bxe5 15.dxe5 Nxc5
16.b4 axb4 17.axb4 Qb5 18.e6 Nxe6 19.Qd2 f6 20.h3 Ng5 21.g4 Be6 22.Rfc1 Rxa1
23.Rxa1 Ne4 24.Bxe4 dxe4 25.Ra5 Qc4 26.g5 Bxh3 27.Rc5 Qe6 28.Rc3 Bf5 29.gxf6
exf6 30.Rc5 Qe7 31.Qc3 Be6 32.Qd4 Bd5 33.e3 Qd7 34.b5 h5 35.bxc6 bxc6 36.Ra5
h4 37.Ra7 Qg4+ 38.Kf1 h3 39.Re7 h2 {#R} 0-1

[Event "Cup European Club (final)"]
[Site "masterchessopen.com Ljubljana (Slovenia)"]
[Round "0"]
[White "Kurajica Bojan (CRO)"]
[Black "Avrukh Boris (ISR)"]
[Result "1-0"]
[WhiteElo "2595"]
[BlackElo "2430"]

1.d4 Nf6 2.Nf3 g6 3.g3 Bg7 4.Bg2 O-O 5.c4 c6 6.O-O d5 7.Nbd2 Bf5 8.e3 a5 9.b3
Ne4 10.Bb2 a4 11.bxa4 Qa5 12.cxd5 cxd5 13.Nxe4 Bxe4 14.Qb3 Qxa4 15.Rfc1 Qxb3
16.axb3 Nc6 17.Ne1 Bxg2 18.Kxg2 Rfb8 19.Nd3 Rxa1 20.Rxa1 Kf8 21.b4 Ke8 22.b5
Nd8 23.Bc3 e6 24.Bb4 Bf8 25.Bxf8 Kxf8 26.Rc1 Ke7 27.Rc7+ Ke8 28.Ne5 Ra8 29.Nd7
h5 30.Nb6 Ra2 31.Nc8 Kf8 32.Nd6 b6 33.h4 Ra8 34.Kf3 Kg7 35.Kf4 Ra2 36.Kf3 Ra8
37.Rc8 Rxc8 38.Nxc8 Nb7 39.Ke2 Kf8 40.Kd3 Ke8 41.Kc3 Kd8 42.Nxb6 Nd6 43.Kb4
Ne4 44.Na4 Nxf2 45.b6 Ng4 46.Kb5 Nf6 47.Nc5 {#r} 1-0

[Event "Ch Netherlands (team) 1995/96"]
[Site "masterchessopen.com Netherlands"]
[Round "7"]
[White "Sutmuller Jos (NED)"]
[Black "Jansen Peggy (NED)"]
[Result "1-0"]
[WhiteElo "2206"]
[BlackElo "2048"]

1.d4 c6 2.c4 d5 3.Nf3 Nf6 4.Nbd2 g6 5.g3 Bg7 6.Bg2 O-O 7.O-O Nbd7 8.Re1 Re8
9.b3 Nf8 10.Bb2 Bf5 11.Nh4 Bg4 12.h3 Be6 13.Qc2 Qc8 14.Kh2 g5 15.Nhf3 Bf5
16.Qd1 h6 17.Ne5 Ne4 18.Nd3 Ne6 19.cxd5 cxd5 20.Nf3 Qd7 21.Nfe5 Bxe5 22.Nxe5
Qd6 23.f3 Nxg3 24.Kxg3 f6 25.e4 Bh7 26.exd5 Nc7 27.f4 gxf4+ 28.Kh2 fxe5
29.dxe5 Qg6 30.Rg1 Kf8 31.Rc1 Qg3+ 32.Kh1 Be4 33.Qh5 f3 34.Rcf1 Qg5 35.Rxf3+
Bxf3 36.Qxf3+ Kg7 37.e6+ Kh7 38.Qf7+ {#r} 1-0

[Event "It (open)"]
[Site "masterchessopen.com Santa Cruz de la Palma (Spain)"]
[Round "0"]
[White "Todorcevic Miodrag (ESP)"]
[Black "Strikovic Aleksa (SRB)"]
[Result "1-0"]
[WhiteElo "2465"]
[BlackElo "2445"]

1.d4 Nf6 2.Nf3 g6 3.g3 Bg7 4.Bg2 O-O 5.O-O c6 6.Nbd2 d5 7.c4 Ne4 8.e3 f5 9.b3
Nd7 10.Bb2 e6 11.Ne1 Nxd2 12.Qxd2 dxc4 13.bxc4 e5 14.Qc2 exd4 15.Bxd4 Bxd4
16.exd4 Nb6 17.d5 cxd5 18.cxd5 f4 19.Rd1 Bd7 20.Qb2 Qf6 21.Qb4 Rae8 22.Nf3 Re2
23.Rd4 fxg3 24.hxg3 Rxa2 25.Rf4 Ra4 26.Qxa4 Bxa4 27.Rxf6 Rxf6 28.Ng5 Bb3
29.Ne4 Rf7 30.d6 Nd7 31.Bh3 Kg7 32.Ng5 Ne5 33.Nxf7 Kxf7 34.d7 Nc6 35.Re1 a5
36.Re8 a4 37.Bg2 {#r} 1-0

[Event "Memorial M.Chigorin"]
[Site "masterchessopen.com St. Petersburg (Russia)"]
[Round "1"]
[White "Burmakin Vladimir (RUS)"]
[Black "Zitin Yuri (EST)"]
[Result "1-0"]
[WhiteElo "2500"]
[BlackElo "2315"]

1.d4 Nf6 2.Nf3 g6 3.g3 d5 4.Bg2 Bg7 5.O-O O-O 6.c4 c6 7.Nbd2 Nbd7 8.b3 Qa5
9.Bb2 b5 10.Ne5 Bb7 11.Nd3 bxc4 12.bxc4 Ba6 13.Qc2 Rab8 14.Bc3 Qa3 15.Bb2 Qa5
16.Rfb1 Nb6 17.Bc3 Qa4 18.Qc1 Nbd7 19.Rb3 c5 20.dxc5 Bb7 21.Ra3 Qc6 22.cxd5
Nxd5 23.Bxg7 Kxg7 24.Nb4 Qe6 25.c6 Nxb4 26.cxb7 Qxe2 27.Re3 Qb5 28.Qb2+ Nf6
29.a3 Rfd8 30.axb4 {#r} 1-0

[Event "Memorial M.Chigorin"]
[Site "masterchessopen.com St. Petersburg (Russia)"]
[Round "1"]
[White "Guliev Sarhan (AZE)"]
[Black "Umanskaya Irina (RUS)"]
[Result "1-0"]
[WhiteElo "2495"]
[BlackElo "2300"]

1.d4 Nf6 2.c4 g6 3.g3 c6 4.Bg2 d5 5.Nf3 Bg7 6.O-O O-O 7.Nbd2 Ne4 8.cxd5 Nxd2
9.Bxd2 cxd5 10.Ne5 Nd7 11.Bc3 Nxe5 12.dxe5 Be6 13.Qd4 Qd7 14.Rfd1 Rfd8 15.Rac1
b6 16.Qf4 Rac8 17.Ra1 Rc4 18.Bd4 Rdc8 19.e3 R4c7 20.Bf1 Qa4 21.Bd3 Qd7 22.Ba6
Rd8 23.a4 Bf5 24.Bc3 Be6 25.Rd2 h5 26.Qb4 Bh6 27.a5 bxa5 28.Rxa5 Qc6 29.Bf1
Rb7 30.Qa3 h4 31.Rxa7 Rxa7 32.Qxa7 Ra8 33.Qd4 Ra1 34.Rd1 Rxd1 35.Qxd1 h3 36.g4
Bg7 37.Bxh3 Qc4 38.Bd4 f6 39.exf6 Bxf6 40.Bf1 Qc8 41.Bxf6 exf6 42.h3 Kf7
43.Qd4 {#r} 1-0

[Event "Ch Slovakia (open)"]
[Site "masterchessopen.com Trencin (Slovakia)"]
[Round "8"]
[White "Nahalka Jan (SVK)"]
[Black "Pinter Patrik (SVK)"]
[Result "0-1"]
[WhiteElo "1892"]
[BlackElo "2185"]

1.d4 Nf6 2.Nf3 g6 3.g3 Bg7 4.Bg2 O-O 5.O-O d5 6.c4 c6 7.Nbd2 Nbd7 8.b3 Re8
9.Bb2 Nf8 10.h3 Ne4 11.Ne5 f6 12.Nef3 Be6 13.Qc2 Nxd2 14.Nxd2 Bf7 15.e4 e5
16.exd5 cxd5 17.dxe5 fxe5 18.cxd5 Bxd5 19.Bxd5+ Qxd5 20.Qc4 Rad8 21.Rfe1 Ne6
22.Re2 Nd4 23.Re4 b5 24.Qxd5+ Rxd5 25.Rae1 Red8 26.Kg2 Nc2 {#R} 0-1

[Event "Ch Bulgaria (team)"]
[Site "masterchessopen.com Varna (Bulgaria)"]
[Round "6"]
[White "Kerchev Zlatozar (BUL)"]
[Black "Nachev Emil (BUL)"]
[Result "0-1"]
[WhiteElo "2250"]
[BlackElo "2275"]

1.d4 d5 2.Nf3 Nf6 3.c4 c6 4.Nbd2 g6 5.g3 Bg7 6.Bg2 O-O 7.O-O dxc4 8.Nxc4 Be6
9.Nce5 Bd5 10.Re1 Nbd7 11.Bf4 Rc8 12.Bh3 e6 13.Nxd7 Qxd7 14.Ne5 Qe7 15.Bg5 h6
16.Bxf6 Bxf6 17.e4 Bxe5 18.exd5 Bg7 19.dxe6 f5 20.Qa4 b5 21.Qa6 Bxd4 22.Rac1
f4 23.Rc2 fxg3 24.hxg3 Bxf2+ 25.Rxf2 Qc5 26.Bf5 Rce8 27.b4 Qxb4 28.Re4 Qc5
29.Qa5 Rxf5 30.Rf4 Rxf4 31.gxf4 Rxe6 32.Qd8+ Kg7 33.Qc8 Re1+ 34.Kg2 Qd5+ {#R}
0-1

[Event "Ch Belgium (team) 1995/96"]
[Site "masterchessopen.com Belgium"]
[Round "0"]
[White "Szabolcsi Janos (HUN)"]
[Black "Bezsilko Philippe (FRA)"]
[Result "1-0"]
[WhiteElo "2425"]
[BlackElo "2315"]

1.d4 g6 2.Nf3 c6 3.g3 Bg7 4.Bg2 Nf6 5.O-O O-O 6.c4 d5 7.Nbd2 dxc4 8.Nxc4 Be6
9.b3 Nbd7 10.Bb2 h6 11.Re1 Rc8 12.e4 b5 13.Ncd2 Bg4 14.h3 Bxf3 15.Nxf3 e6
16.Rc1 Re8 17.Rc2 Bf8 18.Qe2 Qb6 19.Rec1 h5 20.Qe3 c5 21.dxc5 Bxc5 22.Qe2 a5
23.Ne1 e5 24.Nd3 Rc7 25.Nxc5 Rxc5 26.Rxc5 Nxc5 27.Qe3 Nfd7 28.Kh2 Qd6 29.Bf1
b4 30.Bc4 Ne6 31.Qf3 Nb6 32.Rd1 Qc7 33.Bb5 Rd8 34.Rc1 Qb8 35.Qf6 Nd4 36.Rc5
Nd7 37.Bxd7 Rxd7 38.Kg2 Qd8 {#r} 1-0

[Event "Ch Bahn (M)"]
[Site "masterchessopen.com Borkum (Germany)"]
[Round "2"]
[White "Funk Paul (GER)"]
[Black "Trescher Manfred (GER)"]
[Result "1-0"]
[WhiteElo "2158"]
[BlackElo "2218"]

1.d4 Nf6 2.Nf3 g6 3.g3 Bg7 4.Bg2 O-O 5.O-O c6 6.c4 d5 7.Nbd2 Bf5 8.b3 Ne4
9.Bb2 Nd7 10.Re1 Ndf6 11.e3 g5 12.Ne5 h6 13.f3 Nxd2 14.Qxd2 Bh7 15.Rad1 e6
16.Qb4 Rb8 17.Qa4 Qc7 18.Rc1 Rfc8 19.cxd5 Nxd5 20.e4 b5 21.Qa3 Bf8 22.b4 Nxb4
23.Qb3 Qb7 24.Bh3 Rc7 25.a3 Na6 26.Nxf7 Rxf7 27.Bxe6 Bg6 28.d5 cxd5 29.Bxd5
Qb6+ 30.Kg2 Bg7 31.Rc6 Qxc6 32.Bxc6 Kh7 33.Bxg7 Rxg7 34.Rd1 b4 35.a4 Rb6
36.Bb5 Nc7 37.Qxb4 a6 38.Qd4 Rb8 39.Bd3 Ne6 40.Qd6 Rb2+ 41.Kg1 Nc7 42.e5 Ne8
43.Qxa6 Bxd3 44.Qxd3+ Kh8 45.Qd8 Rg8 46.Qd4 Rb8 47.e6+ Ng7 48.Qf6 Kh7 49.Rd7
Rbe8 50.e7 Nh5 51.Qf7+ Ng7 52.Rd6 {#r} 1-0

[Event "Ch Bahn (M)"]
[Site "masterchessopen.com Borkum (Germany)"]
[Round "6"]
[White "Lodes Hermann (GER)"]
[Black "Ruetzel Wolfgang"]
[Result "1-0"]
[WhiteElo "2129"]
[BlackElo "2040"]

1.d4 g6 2.g3 Bg7 3.Bg2 d5 4.Nf3 Nf6 5.c4 c6 6.Nbd2 O-O 7.O-O Nbd7 8.b3 b6
9.Bb2 Bb7 10.Re1 e6 11.Qc2 Re8 12.e4 dxe4 13.Nxe4 Nxe4 14.Qxe4 Rb8 15.Qc2 c5
16.Rad1 Qc7 17.h4 h6 18.dxc5 Nxc5 19.Be5 Bxe5 20.Nxe5 Bxg2 21.Kxg2 Red8
22.Rxd8+ Rxd8 23.b4 Nd7 24.Nxg6 Kg7 25.Nf4 Qc6+ 26.Kh2 e5 27.Nd5 Qg6 28.Qxg6+
fxg6 29.Kg2 Kf7 30.a4 Rc8 31.Rc1 Rc6 32.Kf3 Ke6 33.Ke4 a5 34.Kf3 axb4 35.Nxb4
Rd6 36.Nd5 Nc5 37.Ra1 Rc6 38.Ke2 Rd6 39.Ra3 Rc6 40.Ra2 Rd6 41.a5 bxa5 42.Rxa5
Rc6 43.Ra8 Nd7 44.Ne3 h5 45.Kf3 Nf6 46.Ra7 Nd7 47.g4 Nf6 48.g5 Nd7 {#r} 1-0

[Event "It (open)"]
[Site "masterchessopen.com Budapest (Hungary)"]
[Round "3"]
[White "Vukovic Ivo (CRO)"]
[Black "Jakab Attila (HUN)"]
[Result "1-0"]
[WhiteElo "2310"]
[BlackElo "2165"]

1.Nf3 d5 2.g3 g6 3.Bg2 Bg7 4.O-O Nf6 5.d4 O-O 6.c4 c6 7.Nbd2 Ne4 8.e3 Bg4 9.h3
Bxf3 10.Nxf3 dxc4 11.Qc2 Nd6 12.Nd2 Nd7 13.Nxc4 Nxc4 14.Qxc4 Qb6 15.Rb1 c5
16.dxc5 Nxc5 17.b3 Rfd8 18.Ba3 Nd7 19.Bxe7 Re8 20.Ba3 Ne5 21.Qa4 Nd3 22.Rbd1
Rad8 23.Rxd3 {#r} 1-0

[Event "Memorial Bela Papp (open)"]
[Site "masterchessopen.com Budapest (Hungary)"]
[Round "6"]
[White "Horvath Peter_ (HUN)"]
[Black "Szabo Zsolt Jozsef (HUN)"]
[Result "1-0"]
[WhiteElo "2450"]
[BlackElo "2265"]

1.d4 Nf6 2.Nf3 g6 3.c4 Bg7 4.g3 O-O 5.Bg2 c6 6.O-O d5 7.Nbd2 a5 8.b3 Bf5 9.Bb2
a4 10.bxa4 Qa5 11.Qb3 Bc8 12.Rfc1 Qxa4 13.cxd5 Nxd5 14.Ne5 Qxb3 15.axb3 Rxa1
16.Rxa1 Na6 17.Ndc4 Ndb4 18.Na5 Rd8 19.e3 Bxe5 20.dxe5 Rd2 21.Bc3 Rc2 22.Be1
Nd3 23.Rd1 Nxe1 24.Rd8+ Kg7 25.Rxc8 Rc1 26.Bf1 Nc5 27.Rd8 b6 28.Nxc6 Nxb3
29.Nd4 Nd2 30.Be2 Nef3+ 31.Kg2 Rg1+ 32.Kh3 Ng5+ 33.Kg4 Nge4 34.Kf4 g5+ 35.Kf5
e6+ 36.Nxe6+ fxe6+ 37.Kxe6 Nc5+ 38.Kf5 Nde4 39.f3 Nc3 40.Bc4 Ra1 41.Rg8+ Kh6
42.e6 Ra7 43.Kf6 b5 44.e7 Rxe7 45.Kxe7 bxc4 46.Rc8 Nd5+ 47.Kd6 Nxe3 48.Rxc5
Nf1 49.f4 gxf4 50.gxf4 Nxh2 51.f5 Kg5 52.Ke7 Ng4 53.f6+ {#r} 1-0

[Event "Ch Canada (juniors) (under 20)"]
[Site "masterchessopen.com Canada"]
[Round "0"]
[White "Zugic Igor (CAN)"]
[Black "Gulati Ashish (CAN)"]
[Result "1-0"]
[WhiteElo "2462"]
[BlackElo "2012"]

1.d4 Nf6 2.Nf3 d5 3.g3 g6 4.Bg2 Bg7 5.c4 c6 6.Nbd2 O-O 7.O-O b6 8.b3 Ba6 9.Bb2
Nbd7 10.Re1 c5 11.dxc5 Nxc5 12.Rc1 Rc8 13.Rc2 dxc4 14.Nxc4 Qxd1 15.Rxd1 Nce4
16.Nfe5 Rfd8 17.Rxd8+ Rxd8 18.Ne3 Nc5 19.Nc6 Rd7 20.b4 Na4 21.Bxf6 Bxf6 22.Nb8
Rd6 23.Nxa6 Nc3 24.Nc7 Nd1 25.Ne8 Nxe3 26.Nxf6+ exf6 27.fxe3 Kg7 28.b5 Rd1+
29.Kf2 f5 30.Rc4 Kf6 31.Bc6 Ke5 32.Ra4 {#r} 1-0

[Event "It (open)"]
[Site "masterchessopen.com Cappelle la Grande (France)"]
[Round "1"]
[White "Kuporosov Viktor (RUS)"]
[Black "Brustman Agnieszka (POL)"]
[Result "1-0"]
[WhiteElo "2510"]
[BlackElo "2370"]

1.Nf3 Nf6 2.g3 g6 3.c4 Bg7 4.Bg2 c6 5.d4 d5 6.Nbd2 O-O 7.O-O Bf5 8.b3 a5 9.Bb2
a4 10.Ne5 Nbd7 11.Nd3 Qa5 12.Rc1 axb3 13.axb3 Ne4 14.Nxe4 dxe4 15.Bc3 Qb6
16.Nb4 e5 17.e3 Rfd8 18.Re1 Nf6 19.Ra1 Rxa1 20.Qxa1 exd4 21.exd4 e3 22.Rxe3
Ng4 23.c5 Qc7 24.Re2 Be6 25.d5 Bxc3 26.Qxc3 cxd5 27.Bxd5 Qd7 28.Bxe6 fxe6
29.Qc4 Qd4 30.Qxe6+ Kg7 31.Nc2 Qd1+ 32.Kg2 Nh6 33.Ne3 Nf7 34.Nxd1 {#r} 1-0

[Event "Extra League 1995/96"]
[Site "masterchessopen.com Czech Republic"]
[Round "10"]
[White "Jirovsky Petr (CZE)"]
[Black "Marsalek Josef (CZE)"]
[Result "1-0"]
[WhiteElo "2305"]
[BlackElo "2071"]

1.d4 Nf6 2.Nf3 g6 3.g3 Bg7 4.Bg2 O-O 5.O-O d5 6.c4 c6 7.Nbd2 Nbd7 8.b3 b6
9.Bb2 Bb7 10.Rc1 Rc8 11.Qc2 c5 12.dxc5 dxc4 13.Nxc4 Nxc5 14.Rfd1 Qe8 15.Qb1
Ng4 16.h3 Bxb2 17.Qxb2 Nf6 18.Qa3 Ra8 19.Nce5 a5 20.Nc4 Ncd7 21.Nd4 Bxg2
22.Kxg2 Rc8 23.Nf3 Rc5 24.Rd2 Rd5 25.Rdc2 e5 26.Ne3 Rc5 27.Rxc5 Nxc5 28.Qb2
Nfd7 29.Nc4 e4 30.Nh2 f5 31.Nxb6 Nd3 32.exd3 Nxb6 33.Rc7 Rf7 34.Rxf7 Kxf7
35.Qd4 Qc6 36.dxe4 fxe4 37.Kg1 Nd7 38.Ng4 Ke6 39.Kh2 h5 40.Ne3 Ne5 41.Kg2 g5
42.Qd8 Nf3 43.Qxa5 h4 44.Qf5+ Kd6 45.Qf6+ Kc7 46.Qf7+ Kb6 47.Nc4+ Kc5 48.Qa7+
Kd5 49.Qe3 Qe6 50.Nd2 g4 51.hxg4 {#r} 1-0

[Event "It (open)"]
[Site "masterchessopen.com Dresden (Germany)"]
[Round "6"]
[White "Wichmann Cliff (GER)"]
[Black "Kaminski Uwe (GER)"]
[Result "0-1"]
[WhiteElo "2364"]
[BlackElo "2390"]

1.Nf3 Nf6 2.g3 g6 3.Bg2 Bg7 4.O-O O-O 5.c4 c6 6.d4 d5 7.Nbd2 a5 8.Ne5 Nbd7
9.Nxd7 Bxd7 10.a4 Be6 11.c5 Nd7 12.e3 b6 13.cxb6 Qxb6 14.Nb3 Rfb8 15.Ra3 Ra7
16.Re1 f5 17.Re2 Bf7 18.f4 e6 19.Rc2 Bf8 20.Nc5 Nxc5 21.dxc5 Qc7 22.b3 Bg7
23.Bb2 Bxb2 24.Rxb2 Rb4 25.Rd2 Qe7 26.Qc2 Qf6 27.Qb2 Qxb2 28.Rxb2 Rab7 29.Bf1
Kg7 30.Kf2 Kf6 31.Bd3 e5 32.Rb1 d4 33.fxe5+ Kxe5 34.Bc2 Bd5 35.Ke2 Be4
36.exd4+ Kxd4 37.Ra2 Kxc5 38.Rc1 Kd5 39.Bd1 Rd4 40.Rd2 Bf3+ {#R} 0-1

[Event "It (open)"]
[Site "masterchessopen.com Fuzesabony (Hungary)"]
[Round "6"]
[White "Kovacs Tamas (HUN)"]
[Black "Bujdoso Bela (HUN)"]
[Result "0-1"]
[WhiteElo "2149"]
[BlackElo "1935"]

1.d4 Nf6 2.c4 g6 3.Nf3 Bg7 4.g3 d5 5.Bg2 c6 6.O-O O-O 7.Nbd2 Bf5 8.b3 Qa5
9.Bb2 Ne4 10.Nxe4 Bxe4 11.Ne5 Bxg2 12.Kxg2 dxc4 13.bxc4 Rd8 14.Qb3 Nd7 15.Nd3
Qc7 16.Rac1 Nf6 17.Rfd1 b6 18.a4 Ne4 19.f3 Ng5 20.d5 h5 21.Bxg7 Kxg7 22.Nb4 c5
23.Nc6 Rh8 24.Qe3 Nh7 25.Nxe7 Nf6 26.d6 Qd7 27.Qc3 Qe6 28.e4 Rad8 29.e5 Nd7
30.Nc6 Rc8 31.Nxa7 Ra8 32.Nc6 Rxa4 33.f4 h4 34.Ne7 hxg3 35.Qxg3 Ra2+ 36.Kg1
Rhxh2 37.Qxh2 Rxh2 38.Kxh2 {#R} 0-1

[Event "Ch Germany (seniors)"]
[Site "masterchessopen.com Germany"]
[Round "6"]
[White "Funk Paul (GER)"]
[Black "Franck Rudolf (GER)"]
[Result "0-1"]
[WhiteElo "2158"]
[BlackElo "2214"]

1.d4 Nf6 2.Nf3 g6 3.c4 c6 4.g3 Bg7 5.Bg2 O-O 6.O-O d5 7.Nbd2 Re8 8.Re1 Nbd7
9.b3 Ne4 10.Bb2 f5 11.Qc2 e6 12.Rad1 Qe7 13.Nb1 Qf7 14.e3 Bf8 15.Re2 Qg7
16.Ne1 Qh6 17.f3 Ng5 18.Bc1 Be7 19.e4 Qf8 20.exd5 cxd5 21.cxd5 exd5 22.Bxg5
Bxg5 23.f4 Bh6 24.Bxd5+ Kh8 25.Nd3 Nf6 26.Bf3 g5 27.fxg5 Bxg5 28.Ne5 f4 29.Qc7
Be6 30.Bxb7 Re7 31.Qd6 Rd8 32.Qb4 fxg3 33.Nc6 gxh2+ 34.Rxh2 Be3+ 35.Kf1 Nd5+
{#R} 0-1

[Event "Cup Germany (team) (w)"]
[Site "masterchessopen.com Germany"]
[Round "0"]
[White "Rieder Anita (GER)"]
[Black "Skibbe Diana (GER)"]
[Result "0-1"]
[WhiteElo "2070"]
[BlackElo "2105"]

1.Nf3 Nf6 2.c4 g6 3.g3 Bg7 4.Bg2 O-O 5.O-O d5 6.d4 c6 7.Nbd2 Nbd7 8.Qc2 e5
9.Nxe5 Nxe5 10.dxe5 Ng4 11.cxd5 cxd5 12.Nf3 Nxe5 13.Nxe5 Bxe5 14.Qc5 Be6
15.Bh6 Re8 16.Rad1 b6 17.Qb5 a6 18.Qd3 Bxb2 19.Qb3 Bg7 20.Bxg7 Kxg7 21.Bxd5
Bxd5 22.Rxd5 Qf6 23.e3 Rac8 24.Rfd1 Rc6 25.a4 Rec8 26.Qd3 Rc2 27.f4 R8c4
28.Rd4 Qc6 29.Rd2 Rxd2 30.Qxd2 Rc1+ 31.Kf2 Rc2 {#R} 0-1

[Event "Ch Israel (team)"]
[Site "masterchessopen.com Israel"]
[Round "6"]
[White "Mittelman Gur (ISR)"]
[Black "Malachi Avraham (ISR)"]
[Result "1-0"]
[WhiteElo "2375"]
[BlackElo "2124"]

1.d4 Nf6 2.Nf3 g6 3.g3 Bg7 4.Bg2 O-O 5.O-O d5 6.c4 c6 7.Nbd2 Bf5 8.b3 Ne4
9.Bb2 Nd7 10.e3 Nxd2 11.Nxd2 Nf6 12.Qe2 a5 13.a4 Qb6 14.Ba3 Rfe8 15.cxd5 cxd5
16.Rfc1 h5 17.Rc3 h4 18.Rac1 hxg3 19.hxg3 Bf8 20.Bc5 Qd8 21.Qb5 Qd7 22.Bf1
Rec8 23.Bb6 Qxb5 24.Bxb5 Rxc3 25.Rxc3 e5 26.dxe5 Bb4 27.Rc7 Ne8 28.Bxe8 Rxe8
29.Nf3 Be4 30.Ng5 Rxe5 31.Rc8+ Bf8 32.f4 Rf5 33.Bc5 {#r} 1-0

[Event "Ch Pfalz"]
[Site "masterchessopen.com Landau (Germany)"]
[Round "0"]
[White "Koch Hans Juergen (GER)"]
[Black "Flierl Pascal (GER)"]
[Result "0-1"]
[WhiteElo "2261"]
[BlackElo "2204"]

1.d4 Nf6 2.c4 g6 3.g3 d5 4.Bg2 Bg7 5.Nf3 O-O 6.O-O c6 7.Nbd2 Bf5 8.b3 Qc8
9.Bb2 Nbd7 10.Re1 Qd8 11.Nh4 Nb6 12.Nxf5 gxf5 13.Qc2 e6 14.Rad1 Nbd7 15.f3 Re8
16.e4 fxe4 17.fxe4 dxe4 18.Nxe4 Nxe4 19.Rxe4 Nf8 20.Qe2 Qa5 21.a3 Rad8 22.h4
f5 23.Rf4 Qb6 24.b4 Ng6 25.Rdf1 Bxd4+ 26.Bxd4 Rxd4 27.c5 Qd8 28.Kh2 Rxf4
29.gxf4 Qxh4+ 30.Bh3 Rd8 {#R} 0-1

[Event "It (open)"]
[Site "masterchessopen.com Las Palmas (Spain)"]
[Round "5"]
[White "Todorcevic Miodrag (ESP)"]
[Black "Leon Angel (ESP)"]
[Result "1-0"]
[WhiteElo "2460"]
[BlackElo "2180"]

1.d4 Nf6 2.Nf3 g6 3.g3 Bg7 4.Bg2 d5 5.O-O O-O 6.c4 c6 7.Nbd2 Nbd7 8.b3 h6
9.Bb2 Ne4 10.Qc2 f5 11.Ne1 e5 12.cxd5 cxd5 13.Nd3 exd4 14.Nf3 Qb6 15.Nf4 Qd6
16.Nxd4 Nb6 17.a4 Re8 18.Nb5 {#r} 1-0

[Event "It (cat.9)"]
[Site "masterchessopen.com Leon (Spain)"]
[Round "3"]
[White "Izeta Txabarri Felix (ESP)"]
[Black "De La Villa Garcia Jesus M (ESP)"]
[Result "0-1"]
[WhiteElo "2525"]
[BlackElo "2495"]

1.d4 Nf6 2.Nf3 g6 3.g3 Bg7 4.Bg2 d5 5.O-O O-O 6.Nbd2 c6 7.c4 Bf5 8.b3 Ne4
9.Bb2 Nxd2 10.Qxd2 Be4 11.Rac1 e6 12.Rfd1 Nd7 13.Bf1 Bxf3 14.exf3 a6 15.h4 Nf6
16.a4 Qd7 17.Kg2 Rfb8 18.Ba3 Nh5 19.g4 Nf6 20.Qf4 Ne8 21.h5 Qd8 22.hxg6 hxg6
23.Bd3 dxc4 24.bxc4 Qxd4 25.Qh2 Bf8 26.Bxg6 Qg7 27.Bb2 Qh6 28.Bh5 Rd8 29.Qh4
f6 30.Qg3 Bd6 31.Qh3 Bf4 32.Rxd8 Rxd8 33.Re1 e5 34.g5 Qxg5+ 35.Kh1 Ng7 36.Rg1
Qh6 37.Rg6 Qh7 38.Kg2 Kh8 39.Bg4 Qxh3+ 40.Bxh3 Bg5 41.f4 Nh5 42.Bxe5 fxe5
43.Rxg5 Nxf4+ 44.Kh2 Re8 45.a5 Nd3 46.f3 Rg8 47.Rf5 Kg7 48.Bf1 Ne1 49.Be2 Rf8
50.Rg5+ Kf6 51.Rg3 Rd8 52.Kg1 Rd2 53.Kf1 Nc2 54.f4 exf4 55.Rh3 Ne3+ 56.Ke1 Rb2
57.Rh7 Nf5 58.Bg4 Ne3 59.Be2 Nc2+ 60.Kf1 Nd4 61.Bg4 Nf5 62.Ke1 Kg5 63.Bd1 Ne3
64.Be2 Nc2+ 65.Kf1 Nd4 66.Bd1 f3 67.Rd7 c5 68.Rf7 Kg4 69.Ke1 Kg3 {#R} 0-1

[Event "Ch Nassau Chess Club"]
[Site "masterchessopen.com Long Island (USA)"]
[Round "0"]
[White "Ritter Mark (USA)"]
[Black "Mirabile Tim (USA)"]
[Result "1-0"]
[WhiteElo "2395"]
[BlackElo "2154"]

1.d4 Nf6 2.Nf3 g6 3.Nbd2 d5 4.g3 Bg7 5.Bg2 O-O 6.O-O c6 7.c4 Bf5 8.Qb3 b6
9.Ne5 Ne4 10.Rd1 Nxd2 11.Bxd2 Be6 12.Qc2 f6 13.cxd5 cxd5 14.Nd3 Bf7 15.Rac1
Nd7 16.Nb4 Nb8 17.e4 e6 18.Qb3 a5 19.exd5 exd5 20.Nxd5 a4 21.Qb5 Ra7 22.Nxb6
Bxa2 23.Bb4 Re8 24.Rc8 Qxc8 25.Nxc8 Rxc8 26.Bc5 Rd7 27.Qxa4 {#r} 1-0

[Event "Ch Slovakia"]
[Site "masterchessopen.com Martin (Slovakia)"]
[Round "2"]
[White "Kubala Jan (SVK)"]
[Black "Castiglione Mario (SVK)"]
[Result "0-1"]
[WhiteElo "2240"]
[BlackElo "2282"]

1.Nf3 Nf6 2.g3 g6 3.Bg2 Bg7 4.O-O O-O 5.d4 d5 6.Nbd2 c6 7.c4 Bf5 8.b3 Ne4
9.Bb2 Nd7 10.Nh4 Nxd2 11.Qxd2 Be6 12.Rac1 Nf6 13.Rfd1 Qd7 14.Nf3 Ne4 15.Qe3 f6
16.Ne1 Nd6 17.Nd3 Nf5 18.Nc5 Nxe3 19.Nxd7 Nxd1 20.Nxf8 Kxf8 21.cxd5 Nxb2
22.dxe6 f5 23.e3 Nd3 24.Rc4 Ne1 25.Bh1 a5 26.Kf1 Nd3 27.a3 a4 28.b4 Ne5
29.dxe5 Bxe5 30.Rc2 Rd8 31.Ke2 Rd6 32.b5 cxb5 33.Bxb7 Rxe6 34.Bc6 b4 35.axb4
a3 36.b5 Bb2 37.Bd5 Rb6 38.Bc4 Kg7 39.Rd2 Rb7 40.Kd3 Rc7 41.Re2 Kf6 42.e4
fxe4+ 43.Rxe4 Rxc4 {#R} 0-1